000 00490nam a2200145 4500
082 _aMSCS-4 ALI
100 _aWaqas Ali
245 _aDetect saliency in crowds using face features
260 _aIslamabad
_bNUST SEECS
_c2016
300 _eCD Includes
856 _uhttp://10.250.8.41:8080/xmlui/handle/123456789/8257
942 _2ddc
_cTHE
999 _c328701
_d328701